000 01365pab a2200169 454500
008 180718b2005 xxu||||| |||| 00| 0 eng d
100 _aDumont, Georgette
245 _aVirtual jungles: survival accountability, and governance in online communities
260 _c2005
300 _ap.287-99.
362 _aSep
520 _aBy making it possible for once dispersed individuals to communicate nd cooperate online, the Internet has raised the importance of cybercommunities - informal, online collectivities that provide support by means of many-to-many communication - as an overlooked delivery system for the provision of public goods. The importance to public administration of these communities is discussed through multisectoral analysis. Existing case study - based research on the topic is empirically assessed by mapping the cyberuniverses of three issue areas discussed in that research. Although many of the findings of the existing research remain valid, the internal governance, and so the accountability and legitimacy, of cybercommunities are found to be weak. This raises serious questions about current understanding regarding the implication of online organization for public administration. - Reproduced.
650 _aPublic administration
700 _aCandler, George
773 _aAmerican Review of Public Administration
909 _a66926
999 _c66926
_d66926